00474 2200181 4500001002100000005001500021008004100036020002300077035001900100041000700119082001000126090001600136100002200152245002400174260004200198300003600240650001600276INLIS00000000000128320241224112324241224||||||||| | ||| |||| || |  a9789-979-709-447-8 0010-1224001283 aid0 a371.4 a371.4 HAN k0 aHandrawan Nadesul00aKiat Sehat Pranikah aJakartabKompas Media Nusantarac2009 axvii, 246 hlm. : ilus, ; 20 cm. 0aIlmu Sosial